Gasto público social en infancia y adolescencia (Registro nro. 3935)
[ vista simple ]
| 000 -LEADER | |
|---|---|
| fixed length control field | 01119 a2200265 4500 |
| 001 - CONTROL NUMBER | |
| control field | 45482 |
| 005 - DATE AND TIME OF LATEST TRANSACTION | |
| control field | 20260407155727.0 |
| 008 - FIXED-LENGTH DATA ELEMENTS--GENERAL INFORMATION | |
| fixed length control field | 260407a2010 arg spa d |
| 003 - CONTROL NUMBER IDENTIFIER | |
| control field | AR-UNSa-BCEJYS |
| 040 ## - CATALOGING SOURCE | |
| Original cataloging agency | AR-UNSa-BCEJYS |
| Language of cataloging | spa |
| Transcribing agency | AR-UNSa-BCEJYS |
| 080 ## - UNIVERSAL DECIMAL CLASSIFICATION NUMBER | |
| Universal Decimal Classification number | 336.5 |
| Common auxiliary subdivision | Gasto público. Gastos del estado |
| 020 ## - INTERNATIONAL STANDARD BOOK NUMBER | |
| International Standard Book Number | 978-987-1479-28-3 |
| 041 ## - LANGUAGE CODE | |
| Language code of text/sound track or separate title | spa |
| 100 1# - MAIN ENTRY--PERSONAL NAME | |
| Personal name | Waisgrais, Sebastián |
| 245 10 - TITLE STATEMENT | |
| Title | Gasto público social en infancia y adolescencia |
| Name of part/section of a work | Un análisis presupuestario para la provincia de Salta |
| 264 #1 - PRODUCTION, PUBLICATION, DISTRIBUTION, MANUFACTURE, AND COPYRIGHT NOTICE | |
| Place of production, publication, distribution, manufacture | Buenos Aires : |
| Name of producer, publisher, distributor, manufacturer | CIPPEC |
| Date of production, publication, distribution, manufacture, or copyright notice | 2010 |
| 300 ## - PHYSICAL DESCRIPTION | |
| Extent | 91 p. |
| Dimensions | 23 cm. |
| 505 ## - FORMATTED CONTENTS NOTE | |
| Formatted contents note | 1. La relación Nación - provincias - 2. La descentralización del gasto social - 3. El gasto en infancia en la provincia de Salta - 4. Cómo analizar el presupuesto de un programa. |
| 590 ## - LOCAL NOTE (RLIN) | |
| Local note | niveau_biblio:m niveau_hierar:0 |
| 700 1# - ADDED ENTRY--PERSONAL NAME | |
| Personal name | Maceira, Daniel |
| 700 1# - ADDED ENTRY--PERSONAL NAME | |
| Personal name | Centro de Implementación de Políticas Públicas para la Equidad y el Crecimiento (CIPPEC) |
| 700 1# - ADDED ENTRY--PERSONAL NAME | |
| Personal name | UNICEF |
| 856 41 - ELECTRONIC LOCATION AND ACCESS | |
| Uniform Resource Identifier | <a href="https://www.biblioeco.unsa.edu.ar/pmb/images/libros/L127114.jpg">https://www.biblioeco.unsa.edu.ar/pmb/images/libros/L127114.jpg</a> |
| Link text | Imagen de portada |
| Electronic format type | image/jpeg |
| 942 ## - ADDED ENTRY ELEMENTS (KOHA) | |
| Koha item type | |
| Withdrawn status | Lost status | Damaged status | Not for loan | Home library | Current library | Shelving location | Date acquired | Total checkouts | Full call number | Barcode | Date last seen | Price effective from | Koha item type |
|---|---|---|---|---|---|---|---|---|---|---|---|---|---|
| Biblioteca Prof. Eusebio Cleto del Rey | Biblioteca Prof. Eusebio Cleto del Rey | 07/04/2026 | 336.5 M141 | L127114 | 07/04/2026 | 07/04/2026 | Libro |